Word Ladder: North Carolina Colleges Quiz Stats

 Plays Quiz Updated Jul 2, 2017

Support Sporcle.
Go Orange.
Score 0/20 Timer 02:00
0 Plays Today
Hint 4-Letter Word % Correct
Birthday treat with candlesCAKE
95.2%
• ___ Forest University Demon Deacons ••WAKE•
94.3%
What a lawyer works onCASE
94%
Hockey discPUCK
93.8%
Prepare a suitcase for travelPACK
93.1%
• ___ Carolina University Pirates ••EAST•
92.8%
• ___ University Blue Devils ••DUKE•
92%
Slang for vomitPUKE
91.3%
The front of a clockFACE
90.9%
To slowly disappearFADE
89.9%
Hint 4-Letter Word % Correct
Tempo or speedPACE
89.1%
Go into the ocean up to your hipsWADE
89%
The absence of difficulty or effortEASE
88.1%
Floor covering in a kitchen or bathroomTILE
86.2%
• UNC at Chapel ___ Tar Heels ••HILL•
83.1%
A melodyTUNE
82.7%
Dark red or purple colorPUCE
81.4%
A prong on a forkTINE
80.4%
To dig up the soilTILL
77.6%
Frank Herbert's science fiction sagaDUNE
76.4%

Today's Daily Dose

You're not logged in!

Compare scores with friends on all Sporcle quizzes.
OR
Log In
Forgot?

From the Vault

Geographic US Songs to Artist Blitz

by SporcleEXP

Just in case you needed a new context to think about American maps.
Remove Ads.
Support Sporcle.
Get the best of Sporcle when you Go Orange. This ad-free experience offers more features, more stats, and more fun while also helping to support Sporcle. Thank you for becoming a member.

Show Comments

Extras

Top Quizzes Today


Score Distribution

Your Account Isn't Verified!

In order to create a playlist on Sporcle, you need to verify the email address you used during registration. Go to your Sporcle Settings to finish the process.

Report this User

Report this user for behavior that violates our Community Guidelines.

Details: